[Event "Copenhagen op"]
[Site "Copenhagen"]
[Date "1998.07.01"]
[Round "10"]
[White "Hector, Jonny"]
[Black "Mortensen, Erling"]
[Result "1-0"]
[WhiteElo "2505"]
[BlackElo "2510"]

1.e4 c5 2.Nf3 Nc6 3.Nc3 e6 4.d4 cxd4 5.Nxd4 Qc7 6.Be3 a6 7.Bd3 b5 8.Nxc6 Qxc6
9.O-O Bb7 10.Re1 Ne7 11.a4 b4 12.Na2 Ng6 13.Qh5 Be7 14.Qa5 Qd6 15.Bd2 b3
16.Bb4 Qd4 17.Bxe7 Kxe7 18.Nc3 bxc2 19.Bxc2 Rhc8 20.Qg5+ f6 21.Qh5 Qe5 22.Qxh7 Kf7
23.Rad1 Bc6 24.Qh3 Rab8 25.b3 Rh8 26.Qg3 Nf4 27.Ne2 g5 28.Nd4 Ba8 29.Nf3 Qc7
30.Rd2 Bc6 31.e5 Bxf3 32.Qxf3 f5 33.Qe3 Rb4 34.Red1 Rd8 35.f3 Ke7 36.g3 Nh3+
37.Kg2 g4 38.Qh6 Qc6 39.Qg7+ Ke8 40.Qg8+ Ke7 41.Qg7+ Ke8 42.Rf1 Rd4 43.Re2 Rf4
44.Qh8+ Ke7 45.Qh4+ Ke8 46.gxf4 Nxf4+ 47.Kh1 Nxe2 48.Be4 d5 49.exd6 Qxd6
50.Qh8+ Qf8 51.Qxf8+ Kxf8 52.fxg4 f4 53.Rf2 Rd1+ 54.Kg2 Re1 55.Bd3  1-0

[Event "Dortmund"]
[Site "Dortmund"]
[Date "1998.07.02"]
[Round "6"]
[White "Almasi, Zoltan"]
[Black "Ivanchuk, Vassily"]
[Result "1/2-1/2"]
[WhiteElo "2630"]
[BlackElo "2740"]

1.e4 c5 2.Nf3 Nc6 3.d4 cxd4 4.Nxd4 e6 5.Nc3 d6 6.Be3 Nf6 7.f3 Be7 8.Qd2 O-O
9.O-O-O d5 10.exd5 Nxd5 11.Nxd5 Qxd5 12.Kb1 Nb4 13.Nb3 Qc6 14.c3 Nd5 15.Bd3 Qc7
16.Bf2 Rd8 17.Bg3 Qb6 18.Bf2 Qc7 19.Bg3 Qb6 20.Bf2  1/2-1/2

[Event "Lost Boys op"]
[Site "Antwerp"]
[Date "1998.07.04"]
[Round "5"]
[White "David, Alberto"]
[Black "Maryasin, Boris"]
[Result "1-0"]
[WhiteElo "2525"]
[BlackElo "2350"]

1.e4 c5 2.Nf3 Nc6 3.Nc3 e6 4.d4 cxd4 5.Nxd4 a6 6.Be2 Qb6 7.Nxc6 bxc6 8.O-O Ne7
9.Na4 Qc7 10.Be3 Ng6 11.f4 e5 12.f5 Nf4 13.Bc4 Bb7 14.Re1 Be7 15.Bb6 Qb8
16.g3 Nh3+ 17.Kg2 Ng5 18.Bb3 d5 19.exd5 cxd5 20.Bxd5 Qc8 21.c4 Bxd5+ 22.Qxd5 O-O
23.Rxe5 Bf6 24.Re2 h6 25.Rd1 Rb8 26.b3 Nh7 27.Qd7 Rb7 28.Qxc8 Rxc8 29.Rde1 Rbb8
30.Ba7  1-0

[Event "Politiken Cup"]
[Site "Copenhagen"]
[Date "1998.07.04"]
[Round "1"]
[White "Mortensen, Henrik"]
[Black "Hansen, Sune Berg"]
[Result "0-1"]
[WhiteElo "2065"]
[BlackElo "2480"]

1.e4 c5 2.Nf3 e6 3.d4 cxd4 4.Nxd4 Nc6 5.Nc3 Qc7 6.Be2 a6 7.O-O Nf6 8.Be3 Bb4
9.Bf3 O-O 10.g4 Bxc3 11.bxc3 Ne5 12.g5 Ne8 13.Be2 Nd6 14.f4 Nec4 15.Bxc4 Nxc4
16.Qd3 b6 17.Rae1 Bb7 18.Bc1 Rac8 19.Rf3 e5 20.Nf5 Rfe8 21.Rh3 exf4 22.Qf3 Qc5+
23.Nd4 Qxg5+ 24.Rg3 Qf6 25.Bxf4 g6 26.Qg4 Ne5 27.Bxe5 Qxe5 28.Qxd7 Rc7 29.Qg4 Rxc3
30.Rxc3 Qxd4+ 31.Rce3 Rxe4 32.Qe2 Rg4+  0-1

[Event "Politiken Cup"]
[Site "Copenhagen"]
[Date "1998.07.06"]
[Round "3"]
[White "Hansen, Gunnar West"]
[Black "Fredericia, Louise"]
[Result "1/2-1/2"]
[WhiteElo "2245"]
[BlackElo "2080"]

1.Nc3 c5 2.e4 e6 3.Nf3 Nc6 4.d4 cxd4 5.Nxd4 a6 6.Nxc6 bxc6 7.Bd3 d5 8.O-O Nf6
9.Qe2 Be7 10.Re1 d4 11.e5 dxc3 12.exf6 Bxf6 13.b3 Qe7 14.a4 Bb7 15.Ba3 c5
16.Rad1 O-O 17.Qh5 g6 18.Qxc5 Qxc5 19.Bxc5 Rfc8 20.Bd6 Bd5 21.Be5 Bxe5 22.Rxe5 Rd8
23.Re3 Rac8 24.f3 a5 25.Kf1 f6 26.Ke1 Kf7 27.Ba6 Ra8 28.Bb5 Rdc8 29.Rb1 Rc5  1/2-1/2

[Event "RUS-Cup06"]
[Site "Nizhnij Novgorod"]
[Date "1998.07.06"]
[Round "8"]
[White "Isanbaev, Ramil"]
[Black "Evseev, Denis"]
[Result "0-1"]
[WhiteElo "2320"]
[BlackElo "2455"]

1.e4 c5 2.Nf3 e6 3.d4 cxd4 4.Nxd4 Nc6 5.Nc3 Qc7 6.Be3 Nf6 7.Bd3 a6 8.O-O Bd6
9.g3 O-O 10.Kh1 Be7 11.Na4 d5 12.f3 dxe4 13.fxe4 b5 14.Nc3 Bb7 15.Qf3 Ne5
16.Qg2 Nc4 17.Bc1 Rfd8 18.Nce2 Qb6 19.Nb3 Ne5  0-1

[Event "Politiken Cup"]
[Site "Copenhagen"]
[Date "1998.07.10"]
[Round "7"]
[White "Hector, Jonny"]
[Black "Mortensen, Erling"]
[Result "1-0"]
[WhiteElo "2505"]
[BlackElo "2510"]

1.e4 c5 2.Nf3 e6 3.d4 cxd4 4.Nxd4 Nc6 5.Nc3 Qc7 6.Be3 a6 7.Bd3 Nf6 8.O-O Ne5
9.h3 Bc5 10.Kh1 d6 11.f4 Ng6 12.Qd2 O-O 13.Rae1 b5 14.a3 Bd7 15.b4 Bb6 16.Bg1 Rac8
17.Nce2 e5 18.fxe5 dxe5 19.Nb3 Bxg1 20.Kxg1 Bc6 21.Rxf6 gxf6 22.Qh6 Kh8 23.Ng3 Rg8
24.Rf1 Qd8 25.Nh5 Qf8 26.Qe3 Nf4 27.Nxf4 exf4 28.Qxf4 Rg6 29.Nd4 Qg7 30.Rf2 Bd7
31.Kh2 Rg8 32.Bf1 Rh6 33.Rf3 Qg5 34.Qxg5 Rxg5 35.Rc3 Rg8 36.Rc7 Rd8 37.Nf5 Rg6
38.Bd3 Rgg8 39.Nd6 Be6 40.Rc6 Ra8 41.Rc7 Kg7 42.Kg3 Rgd8 43.Rc6 Ra7 44.Kf4 Kf8
45.Nf5 Ke8 46.Rxa6 Rxa6 47.Bxb5+ Bd7 48.Bxa6 Ra8 49.b5 Kd8 50.c4 Bc8 51.Bxc8 Kxc8
52.e5 Ra4 53.Ne3 fxe5+ 54.Kxe5 Rxa3 55.Nd5 Rb3 56.Kd6 Rb2 57.c5 Rxg2 58.c6 Rd2
59.b6 Kb8 60.h4 h5 61.Ke5 Re2+ 62.Kf5 Re6 63.Nb4 Ka8 64.b7+ Ka7 65.Na6 Re8
66.b8=Q+ Rxb8 67.Nxb8 Kxb8 68.Kg5 Kc7 69.Kxh5 Kxc6 70.Kg5 Kd7 71.Kf6 Ke8
72.Kg7  1-0

[Event "Lund"]
[Site "Lund"]
[Date "1998.07.19"]
[Round "4"]
[White "Petersson, Kjell"]
[Black "Finnlaugsson, Gunnar"]
[Result "0-1"]
[WhiteElo "2090"]
[BlackElo "2215"]

1.e4 c5 2.Nc3 Nc6 3.Nge2 e6 4.d4 cxd4 5.Nxd4 Nf6 6.Ndb5 Bb4 7.a3 Bxc3+ 8.Nxc3 d5
9.exd5 exd5 10.Bd3 Bg4 11.f3 Be6 12.O-O h6 13.f4 O-O 14.f5 Bd7 15.Qe1 Re8
16.Qg3 Kh8 17.Qh4 Qb6+ 18.Kh1 Qd4 19.Bf4 Ne7 20.Ne2 Nxf5 21.Bxf5 Rxe2 22.Bd3 Ree8
23.Rad1 Ng4 24.Be2 Qf6 25.Qxf6 Nxf6 26.Bf3 Bc6 27.Rfe1 Kg8 28.Kg1 Rad8 29.Be3 b6
30.Bd4 Ne4 31.Re3 f5 32.g3 Kf7 33.Rf1 Kg6 34.Rd1 Ng5 35.Bg2 Ne4 36.Bh3 Nd6
37.Rde1 Re4 38.c3 Rde8 39.Bf1 Bb5 40.Bg2 Rxe3 41.Rxe3 Ne4 42.Bf1 Bxf1 43.Kxf1 Kf7
44.Kg2 g5 45.Kf3 Nd2+ 46.Ke2 Nc4 47.Rxe8 Kxe8 48.Bg7 h5 49.Bh6 g4 50.Bc1 Kf7
51.Kd3 Ke6 52.Bf4 Nxb2+ 53.Kc2 Nc4 54.a4 Ne5 55.Kb3 Nc6 56.Bc7 Kf7 57.Kc2 Ke6
58.Kd3 Ne5+ 59.Ke3 Ng6 60.Kd4 h4 61.Ke3 h3 62.Kd4 f4 63.gxf4 Kf5 64.Ke3 g3
65.hxg3 h2 66.g4+ Kxg4 67.f5 h1=Q  0-1

[Event "Smith & Williamson"]
[Site "Witley"]
[Date "1998.07.21"]
[Round "3"]
[White "Cave, Matthew"]
[Black "Kapadia, Sujit"]
[Result "1/2-1/2"]
[WhiteElo "2030"]
[BlackElo "1872"]

1.e4 c5 2.Ne2 e6 3.Nbc3 Nc6 4.d4 cxd4 5.Nxd4 Bc5 6.Nb3 Bb6 7.Bf4 Nge7 8.Qd2 f5
9.O-O-O O-O 10.f3 a6 11.Be3 Bxe3 12.Qxe3 b5 13.Be2 Qc7 14.Qc5 Rd8 15.Rd6 Bb7
16.Rhd1 fxe4 17.Nxe4 Nf5 18.R6d2 d5 19.Ng5 Re8 20.Bd3 Qf4 21.Nh3 Qe5 22.f4 Qf6
23.Bxf5 Qxf5 24.Nd4 Nxd4 25.Qxd4 Rac8 26.Re2 Rc4 27.Qd3 Qf7 28.g3 h6 29.Rde1 Bc8
30.Nf2 Bd7 31.Ng4 b4 32.Ne5  1/2-1/2

[Event "Saitek US Masters"]
[Site "Hawaii"]
[Date "1998.07.25"]
[Round "5"]
[White "Kahane, Gabe"]
[Black "Eisen, Lewis"]
[Result "1/2-1/2"]
[WhiteElo "2100"]
[BlackElo "2325"]

1.e4 c5 2.Nf3 e6 3.d4 cxd4 4.Nxd4 Nc6 5.Nc3 a6 6.Be3 Qc7 7.Be2 Nge7 8.Qd2 Nxd4
9.Qxd4 b5 10.O-O Nc6 11.Qb6 Qxb6 12.Bxb6 Rb8 13.Be3 Bb4 14.Nd1  1/2-1/2

[Event "Saitek US Masters"]
[Site "Hawaii"]
[Date "1998.07.27"]
[Round "7"]
[White "Kahane, Gabe"]
[Black "Shahade, Jennifer"]
[Result "0-1"]
[WhiteElo "2100"]
[BlackElo "2185"]

1.e4 c5 2.Nf3 e6 3.d4 cxd4 4.Nxd4 Nc6 5.Nc3 Qc7 6.Ndb5 Qb8 7.Be3 Nf6 8.Nd5 exd5
9.exd5 a6 10.Qe2 Be7 11.Ba7 Rxa7 12.Nxa7 Nxa7  0-1

[Event "RUS-ch51"]
[Site "St Petersburg"]
[Date "1998.07.29"]
[Round "2"]
[White "Dolmatov, Sergey"]
[Black "Tunik, Gennady"]
[Result "1/2-1/2"]
[WhiteElo "2575"]
[BlackElo "2480"]

1.e4 c5 2.Nf3 e6 3.d4 cxd4 4.Nxd4 Nc6 5.Nc3 a6 6.Be2 Qc7 7.O-O Nf6 8.Be3 Bb4
9.Na4 Be7 10.Nxc6 bxc6 11.Nb6 Rb8 12.Nxc8 Qxc8 13.Bd4 c5 14.Be5 Rb6 15.b3 O-O
16.Bd3 d6 17.Bb2 Nd7 18.f4 Bf6 19.Bxf6 Nxf6 20.Qe2 e5 21.fxe5 dxe5 22.Bc4 Rd6
23.Rf5 Re8 24.Raf1 Re7 25.g4 Rdd7 26.g5 Ne8 27.Bxa6 Qd8 28.Bd3 g6 29.R5f2 Ng7
30.Bb5 Rd6 31.Bc4 Rdd7 32.Qe3 Qc7 33.Bd5 Nh5 34.c4 Nf4 35.a3 Qa5 36.Ra2 Rd8
37.Rfa1 Rb8 38.Kh1 Ree8 39.Rb1 Rec8 40.Rf1 Qd8 41.Qg3 Rc7 42.Rb2 Qd6 43.Qc3 Rbc8
44.Rd2 Qe7 45.Rg1 Rb8 46.Rb2 Rbc8 47.Ra2 Ra7 48.Qg3 Rb8 49.Rf1 Rb6 50.a4 Rb8
51.Raf2 Qd6 52.Rf3 Rc7 53.Re3 Ra7 54.Qh4 h5 55.gxh6 Kh7 56.Rg1 f6 57.Rf3 g5
58.Qg4 Qd7 59.h4 Qxg4 60.Rxg4 Kxh6 61.hxg5+ fxg5 62.Rfg3 Ne2 63.Rg2  1/2-1/2

[Event "RUS-ch51"]
[Site "St Petersburg"]
[Date "1998.07.30"]
[Round "3"]
[White "Kobalija, Mihail"]
[Black "Razuvaev, Yuri S"]
[Result "1/2-1/2"]
[WhiteElo "2505"]
[BlackElo "2560"]

1.e4 c5 2.Nf3 Nc6 3.d4 cxd4 4.Nxd4 e6 5.Nc3 Qc7 6.Be3 a6 7.Bd3 b5 8.O-O Bb7
9.Kh1 Nf6 10.a3 Ne5 11.f4  1/2-1/2

[Event "RUS-ch51"]
[Site "St Petersburg"]
[Date "1998.07.31"]
[Round "4"]
[White "Galliamova, Alisa"]
[Black "Kobalija, Mihail"]
[Result "0-1"]
[WhiteElo "2560"]
[BlackElo "2505"]

1.e4 c5 2.Nf3 e6 3.d4 cxd4 4.Nxd4 Nc6 5.Nc3 Qc7 6.f4 a6 7.Nxc6 Qxc6 8.Bd3 b5
9.Qe2 Bb7 10.Bd2 Be7 11.a3 Qc7 12.O-O-O Nf6 13.e5 Nd5 14.Nxd5 Bxd5 15.f5 Qc6
16.Rhf1 Bxg2 17.Rf2 Bd5 18.fxe6 dxe6 19.Rdf1 Rf8 20.Bxh7 Qc4 21.Qxc4 Bxc4
22.Be4 O-O-O 23.Bd3 Bxd3 24.cxd3 f6 25.Kc2 Kd7 26.d4 Kc6 27.Re2 Kd5 28.Kd3 Rh8
29.Bf4 Rc8 30.exf6 gxf6 31.Rfe1 Rc4 32.Re4 Rh5 33.Bg3 Bd6 34.b3 Bxg3 35.R1e3 f5
36.bxc4+ bxc4+ 37.Kc3 fxe4 38.hxg3 a5 39.a4 Rh2 40.g4 Ra2 41.Re1 Ra3+ 42.Kc2 Rg3
43.Rb1 Rxg4 44.Rb5+ Kxd4 45.Rxa5 Rg2+  0-1

[Event "Oberwart op"]
[Site "Oberwart"]
[Date "1998.08.01"]
[Round "8"]
[White "Holzer, Gerhard"]
[Black "Kovacs, Gabor"]
[Result "0-1"]
[WhiteElo "2255"]
[BlackElo "2340"]

1.e4 c5 2.Nf3 e6 3.Nc3 Nc6 4.d4 cxd4 5.Nxd4 Qc7 6.Be2 Nf6 7.O-O a6 8.Kh1 d6
9.f4 Be7 10.Bf3 O-O 11.Be3 Bd7 12.Nb3 Rab8 13.a4 b6 14.Ne2 e5 15.f5 d5 16.exd5 Na5
17.Ng3 Nc4 18.Bc1 Nd6 19.Bg5 Nxf5 20.Nxf5 Bxf5 21.c4 Qxc4 22.d6 Bd8 23.Be2 Qc2
24.Nd2 Qxd1 25.Raxd1 Bg4 26.Nf3 h6 27.Be3 Re8 28.Bxa6 e4 29.Nd4 Bxd1 30.Rxd1 Ng4
31.Re1 Nxe3 32.d7 Re7 33.Nc6 Ra8 34.Bc8 Rxa4 35.b3 Ra2 36.Nxd8 Rd2 37.Nc6 Rexd7
38.Bxd7 Rxd7 39.Kg1 Ng4 40.h3 Nf6 41.Re3 Rd6 42.Ne5 Re6 43.Nc4 Nd5 44.Re1 f5  0-1

[Event "Budapest FS08 GM"]
[Site "Budapest"]
[Date "1998.08.02"]
[Round "2"]
[White "Barczay, Laszlo"]
[Black "Fogarasi, Tibor"]
[Result "1/2-1/2"]
[WhiteElo "2405"]
[BlackElo "2440"]

1.e4 c5 2.Nf3 e6 3.d4 cxd4 4.Nxd4 Nc6 5.Nc3 Qc7 6.Ndb5 Qb8 7.g3 a6 8.Nd4 Nf6
9.Bg2 Bc5 10.Be3 Qa7 11.Nxc6 dxc6 12.Bxc5 Qxc5 13.Qd2 e5 14.Na4 Qe7 15.Nb6 Rb8
16.O-O-O O-O 17.Qd6 Qxd6 18.Rxd6 Be6 19.Rhd1 g5 20.h3 Rfe8 21.a3  1/2-1/2

[Event "RUS-ch51"]
[Site "St Petersburg"]
[Date "1998.08.02"]
[Round "6"]
[White "Balashov, Yuri S"]
[Black "Tregubov, Pavel V"]
[Result "1-0"]
[WhiteElo "2580"]
[BlackElo "2535"]

1.e4 c5 2.Nf3 e6 3.d4 cxd4 4.Nxd4 Nc6 5.Nc3 Qc7 6.Be3 a6 7.Bd3 Nf6 8.O-O Nxd4
9.Bxd4 Bc5 10.Bxc5 Qxc5 11.Kh1 d6 12.f4 e5 13.Qe1 O-O 14.Qh4 exf4 15.Nd5 Nxd5
16.exd5 g6 17.Rxf4 Qxd5 18.Bc4 Qa5 19.b4 Qe5 20.Bxf7+ Kh8 21.Re1 g5 22.Rxe5 gxh4
23.Re7 b5 24.Kg1 h3 25.g4 Rb8 26.g5 d5 27.c3 h6 28.g6 Rb7 29.Bxd5  1-0

[Event "RUS-ch51"]
[Site "St Petersburg"]
[Date "1998.08.02"]
[Round "6"]
[White "Yemelin, Vasily"]
[Black "Zvjaginsev, Vadim"]
[Result "1-0"]
[WhiteElo "2510"]
[BlackElo "2650"]

1.e4 c5 2.Nf3 e6 3.d4 cxd4 4.Nxd4 Nc6 5.Nc3 d6 6.g4 a6 7.Be3 Bd7 8.g5 Nge7
9.f4 b5 10.Qd2 h6 11.gxh6 Rxh6 12.O-O-O Na5 13.f5 Rh8 14.fxe6 fxe6 15.e5 d5
16.Qf2 b4 17.Nce2 Nc4 18.Bg5 Qb6 19.Nf4 Nxe5 20.Bh3 Rxh3 21.Nxh3 O-O-O 22.Rhf1 N5g6
23.Nf4 e5 24.Nxg6 Qxg6 25.Qh4 Re8 26.Rxf8 Rxf8 27.Bxe7 Re8 28.Nb3 d4 29.Bxb4 Bf5
30.Qf2 Re6 31.Rg1 Qh6+ 32.Bd2 Qh7 33.Qg2 e4 34.Nxd4 Rg6 35.Bg5 Rd6 36.Qg3 Kd7
37.Nxf5 Qxf5 38.Bf4  1-0

[Event "Cardoza US op"]
[Site "Kona"]
[Date "1998.08.03"]
[Round "3"]
[White "Rubsamen, Cornelius"]
[Black "Garbett, Paul Anthony"]
[Result "0-1"]
[WhiteElo "2110"]
[BlackElo "2360"]

1.e4 c5 2.Nf3 e6 3.d4 cxd4 4.Nxd4 Nc6 5.Nc3 Qc7 6.Nxc6 dxc6 7.Bd3 e5 8.O-O Nf6
9.Qe2 Be7 10.Be3 O-O 11.a3 b5 12.a4 b4 13.Nb1 c5 14.Nd2 Be6 15.f3 Rfd8 16.Bc4 Bxc4
17.Nxc4 Nd7 18.Rfd1 Nf8 19.Rxd8 Rxd8 20.Rd1 f6 21.Rxd8 Qxd8 22.Qd2 Qxd2 23.Nxd2 Ne6
24.Kf2 Kf7 25.Ke2 Ke8 26.Kd3 Kd7 27.Kc4 Kc6 28.Nb3 g6 29.g4 Bf8 30.Nd2 Nd8
31.Kd3 Nb7 32.Nc4 g5 33.Bf2 Be7 34.Ne3 Nd6 35.Nf5 c4+ 36.Kd2 Nxf5 37.gxf5 Bc5
38.Bg3 Bd4 39.b3 Kc5 40.Ke2 a6 41.Be1 a5 42.h4 h6 43.hxg5 hxg5 44.Bd2 Bc3
45.Bc1 Ba1 46.Bd2 Kd4 47.Kd1 cxb3 48.cxb3 Kd3 49.Bc1 Bc3  0-1

[Event "Stockholm2"]
[Site "Stockholm"]
[Date "1998.08.03"]
[Round "3"]
[White "Rytshagov, Mikhail"]
[Black "Seeman, Tarvo"]
[Result "1-0"]
[WhiteElo "2565"]
[BlackElo "2475"]

1.e4 c5 2.Nf3 e6 3.d4 cxd4 4.Nxd4 Nc6 5.Nc3 d6 6.Be3 Nf6 7.f4 e5 8.Nf3 Ng4
9.Qd2 Nxe3 10.Qxe3 exf4 11.Qxf4 Be7 12.O-O-O Be6 13.Kb1 O-O 14.Nd5 Rc8 15.Be2 Bxd5
16.Rxd5 a6 17.c3 Qb6 18.Rc1 Nd8 19.Nd4 Ne6 20.Qg3 Nxd4 21.Rxd4 Rc5 22.Bg4 Qc6
23.Rf1 b5 24.Bd1 Rg5 25.Qf3 Bf6 26.Rd2 a5 27.Bb3 Qb6 28.Bd5 b4 29.c4 a4 30.h4 Re5
31.Qh3 a3 32.b3 Qd8 33.g4 Qd7 34.Rd3 Re7 35.g5 Qxh3 36.Rxh3 Be5 37.h5 Kh8
38.g6 f6 39.Kc2 Rc8 40.Kd3 h6 41.Rf5 Rec7 42.Rh1 Rd8 43.Rd1 Rc5 44.Ke2 Rd7
45.Rf3 Re7 46.Rfd3 Re8 47.Kf3 Re7 48.Kg4 Rc8 49.Bf7 Bb2 50.Re1 Be5 51.Rd5 Rc5
52.Red1 Rec7 53.Kf5 Rc8 54.Ke6 Bh2 55.Rxc5 dxc5 56.Rd7 Be5 57.Kd5 Bd4 58.Be6 Re8
59.Rb7 Rd8+ 60.Kc6 Re8 61.Kd7 Ra8 62.Rc7 Rb8 63.Ke7 Ra8 64.Rc6 Be3 65.Bc8 Bg5
66.Kd6 Be3 67.Kc7 Bf4+ 68.Kb6 Kg8 69.Kxc5 Kf8 70.Kd5 Ke7 71.c5 Be5 72.Kc4 Bc3
73.Bf5 Kd8 74.Rd6+ Kc7 75.Rd7+ Kc6 76.Rxg7 Rd8 77.Rd7  1-0

[Event "RUS-ch51"]
[Site "St Petersburg"]
[Date "1998.08.04"]
[Round "8"]
[White "Dvoirys, Semen I"]
[Black "Tregubov, Pavel V"]
[Result "1/2-1/2"]
[WhiteElo "2585"]
[BlackElo "2535"]

1.e4 c5 2.Nf3 e6 3.d4 cxd4 4.Nxd4 Nc6 5.Nc3 Qc7 6.Be3 a6 7.f4 Nxd4 8.Qxd4 b5
9.Be2 Bb7 10.O-O Rc8 11.Bf3 h5 12.Rad1 Nf6 13.h3 h4 14.Rf2 Bc5 15.Qd3 Bxe3
16.Qxe3 b4 17.Na4 O-O 18.Nb6 Rcd8 19.e5 Bxf3 20.Qxf3 Ne8 21.Qe3 d5 22.Na4 g6
23.Qc5 Qxc5 24.Nxc5 a5 25.Rd3 Ng7 26.a3 Rc8 27.Nb7 bxa3 28.Rxa3 Rb8 29.Nxa5 Rxb2
30.c4 Rb1+ 31.Rf1 Rxf1+ 32.Kxf1 dxc4 33.Ke2 Nh5 34.Ke3 Rd8 35.Nxc4 Nxf4 36.Kxf4 Rd4+
37.Kg5 Rxc4 38.Kh6 Kf8 39.Ra8+ Ke7 40.Ra7+ Ke8 41.Kg7 Rf4 42.Ra8+ Kd7 43.Ra7+ Ke8
44.Ra8+ Kd7 45.Ra7+ Ke8  1/2-1/2

[Event "Budapest FS08 ELO"]
[Site "Budapest"]
[Date "1998.08.05"]
[Round "5"]
[White "Timko, Melinda"]
[Black "Ritter, Gabor"]
[Result "0-1"]
[WhiteElo "2105"]
[BlackElo "2200"]

1.e4 c5 2.Nf3 e6 3.d4 cxd4 4.Nxd4 Nc6 5.Nc3 d6 6.Be3 Nf6 7.f4 Be7 8.Qf3 a6
9.h3 Qc7 10.g4 Nxd4 11.Bxd4 e5 12.Be3 exf4 13.Qxf4 Be6 14.Bd4 O-O 15.Bd3 Nd7
16.O-O-O Ne5 17.Kb1 Rac8 18.Rh2 Qa5 19.a3 Nc6 20.Nd5 Bxd5 21.Bc3 Ba2+ 22.Kxa2 Qg5
23.Qxg5 Bxg5 24.Rf2 Ne5 25.Rf5 f6 26.Be2 Rc6 27.Kb1 Rfc8 28.Rd5 Be3 29.Rf1 Bc5
30.Rfd1 Ng6 31.g5 fxg5 32.Rxg5 Be3 33.Rg2 Bh6  0-1

[Event "MK Cafe Cup-A"]
[Site "Koszalin"]
[Date "1998.08.05"]
[Round "3"]
[White "Sutovskij, Emil"]
[Black "Gritsak, Orest"]
[Result "1-0"]
[WhiteElo "2575"]
[BlackElo "2485"]

1.e4 c5 2.Nf3 e6 3.Nc3 Nc6 4.d4 cxd4 5.Nxd4 d6 6.Be3 Nf6 7.f4 e5 8.Nf3 Ng4
9.Qd2 Nxe3 10.Qxe3 exf4 11.Qxf4 Be6 12.O-O-O Be7 13.Nd5 O-O 14.Nxe7+ Qxe7
15.Qxd6 Qf6 16.Bd3 Qh6+ 17.Rd2 Rfd8 18.Qa3 a5 19.Kb1 Nb4 20.b3 Qe3 21.Rhd1 Qc5
22.Qa4 Qc3 23.Bb5 Rdc8 24.Bd7 Bxd7 25.Qxd7 h6 26.Qd4 Qc7 27.Qe5 Qc6 28.Nd4 Qc3
29.Rf2 a4 30.Rxf7  1-0

[Event "Cardoza US op"]
[Site "Kona"]
[Date "1998.08.06"]
[Round "6"]
[White "Garbett, Paul Anthony"]
[Black "Van Oosterom, H."]
[Result "1-0"]
[WhiteElo "2360"]
[BlackElo "2260"]

1.e4 c5 2.Nf3 Nc6 3.d4 cxd4 4.Nxd4 e6 5.Nc3 a6 6.g3 d5 7.exd5 exd5 8.Bg2 Nf6
9.O-O Be7 10.h3 O-O 11.b3 Be6 12.Bb2 Rc8 13.Nce2 Qd7 14.Kh2 Bf5 15.Nxf5 Qxf5
16.a3 Rfd8 17.Nf4 d4 18.Qd3 Qxd3 19.Nxd3 Nd5 20.Rfe1 Bf6 21.h4 Nce7 22.Re2 h6
23.Rae1 Rc7 24.Ne5 Nc3 25.Bxc3 dxc3 26.Ng4 Nc6 27.Re8+ Kh7 28.Be4+ g6 29.Nxf6+  1-0

[Event "RUS-ch51"]
[Site "St Petersburg"]
[Date "1998.08.06"]
[Round "10"]
[White "Galliamova, Alisa"]
[Black "Tregubov, Pavel V"]
[Result "0-1"]
[WhiteElo "2560"]
[BlackElo "2535"]

1.e4 c5 2.Nf3 e6 3.d4 cxd4 4.Nxd4 Nc6 5.Nc3 Qc7 6.f4 Nxd4 7.Qxd4 a6 8.Bd3 b5
9.Bd2 Nf6 10.b4 Bb7 11.O-O Be7 12.a4 bxa4 13.e5 Nd5 14.Nxd5 Bxd5 15.Rxa4 O-O
16.f5 f6 17.Qh4 exf5 18.Rxf5 g6 19.exf6 Qb6+ 20.Qf2 Qxf2+ 21.Rxf2 Bxf6 22.c3 Bb7
23.Ra3 Kg7 24.Be3 Rfe8 25.Bh6+ Kxh6 26.Rxf6 Re3 27.Bf1 Rc8 28.Rb6 Be4 29.Rbxa6 Rf8
30.Ra1 Rxc3 31.Rd6 Rf7 32.b5 Rc2 33.Re1 Bb7 34.Rb6 d5 35.Rd6 Rd2 36.b6 d4
37.Rc1 Rff2 38.Rxd4 Rxf1+ 39.Kxf1 Rxd4 40.Rc7 Ba6+ 41.Kf2 Rb4 42.Rc6 Rb2+  0-1

[Event "MK Cafe Cup-A"]
[Site "Koszalin"]
[Date "1998.08.07"]
[Round "5"]
[White "Sutovskij, Emil"]
[Black "Brodsky, Michail"]
[Result "1/2-1/2"]
[WhiteElo "2575"]
[BlackElo "2525"]

1.e4 c5 2.Nf3 e6 3.Nc3 Nc6 4.d4 cxd4 5.Nxd4 Qc7 6.g3 a6 7.Bg2 d6 8.O-O Bd7
9.Nxc6 Bxc6 10.a4 Nf6 11.Be3 Be7 12.a5 O-O 13.Bb6 Qb8 14.Re1 Re8 15.Na4 d5
16.exd5 Bxd5 17.Bxd5 Nxd5 18.c4 Nb4 19.Re4 Qc8 20.Bd4 Qc6 21.Rg4 Bf8 22.Bxg7 Bxg7
23.Qd2 f5 24.Rxg7+ Kxg7 25.Qg5+ Kf7  1/2-1/2

[Event "MK Cafe Cup-A"]
[Site "Koszalin"]
[Date "1998.08.07"]
[Round "5"]
[White "Dabrowska, Krystyna"]
[Black "Sokolowski, Ryszard"]
[Result "1-0"]
[WhiteElo "2300"]
[BlackElo "2245"]

1.e4 c5 2.Nf3 e6 3.d4 cxd4 4.Nxd4 Nc6 5.Nc3 Qb6 6.Nb3 a6 7.g3 Qc7 8.a4 Nf6
9.Bg2 d6 10.O-O Bd7 11.f4 Na5 12.Nxa5 Qxa5 13.Re1 Bc6 14.Nd5 Be7 15.Nxe7 Kxe7
16.b3 Ng4 17.Bb2 h5 18.h3 Nf6 19.e5 dxe5 20.fxe5 Nd7 21.Qd6+ Ke8 22.Ba3 Qb6+
23.Kh2 Qd8 24.Bxc6 bxc6 25.Rad1 h4 26.g4 Rc8 27.Rd3 Nb6 28.Qc5 Qc7 29.c4 Rd8
30.Red1 Rxd3 31.Rxd3 Nc8 32.Bb4 Qb6 33.Qxb6 Nxb6 34.Rd6 Nd7 35.Rxc6 Kd8 36.Rxa6  1-0

[Event "MK Cafe Cup-A"]
[Site "Koszalin"]
[Date "1998.08.07"]
[Round "5"]
[White "Kokkila, Tero"]
[Black "Hnydiuk, Aleksander"]
[Result "1/2-1/2"]
[WhiteElo "2335"]
[BlackElo "2310"]

1.e4 c5 2.Nf3 e6 3.d4 cxd4 4.Nxd4 Nc6 5.Nc3 Qc7 6.Be3 a6 7.Bd3 b5 8.Nxc6 Qxc6
9.O-O Bb7 10.a3 Nf6 11.Re1 Be7 12.Qf3 d6 13.Qh3 Qc7 14.Bd4 e5 15.Be3 O-O
16.Bg5 Rfe8 17.Rac1 Qc8 18.Qf3 Qg4 19.Qxg4 Nxg4 20.Bxe7 Rxe7 21.Nd5 Bxd5
22.exd5 Nf6 23.c4 bxc4 24.Rxc4 a5 25.Rec1 g6 26.Rc6 Rd7 27.Rc8+ Rd8 28.Rxa8 Rxa8
29.Rc6 Nxd5 30.Rxd6 Nf4 31.Bc4 Rc8 32.b3 a4 33.g3 axb3 34.Bxb3 Rc3 35.Bd1 Nd3
36.a4 Nb2 37.Kf1 Nxd1 38.Rxd1 Ra3 39.Rd8+ Kg7 40.Ra8 Ra2 41.Ke1 e4 42.h3 h6
43.a5 h5 44.a6 Kf6 45.a7 Kg5 46.h4+ Kg4 47.Re8 Rxa7  1/2-1/2

[Event "North Bay op"]
[Site "North Bay"]
[Date "1998.08.07"]
[Round "6"]
[White "Ivanov, Alexander"]
[Black "Kudrin, Sergey"]
[Result "1-0"]
[WhiteElo "2510"]
[BlackElo "2540"]

1.e4 c5 2.Nf3 e6 3.d4 cxd4 4.Nxd4 Nc6 5.Nc3 Qc7 6.g3 a6 7.Bg2 Nf6 8.O-O d6
9.Re1 Rb8 10.Nxc6 bxc6 11.e5 dxe5 12.Rxe5 Bd6 13.Re2 O-O 14.b3 Rd8 15.Rd2 Bb7
16.Bb2 Be5 17.Na4 Bxb2 18.Nxb2 c5 19.Bxb7 Rxd2 20.Qxd2 Rd8 21.Qe3 Qxb7 22.Qxc5 h5
23.Qe3 h4 24.Nd3 Qc7 25.c4 Qd6 26.Rd1 h3 27.Qe2 Rd7 28.f3 Qa3 29.Kf1 a5 30.Qc2 e5
31.Nf2 Rxd1+ 32.Nxd1 Qc5 33.Nf2 Qe3 34.Qd1 e4 35.fxe4 g6 36.Qd8+ Kh7 37.Qxf6 Qc1+
38.Ke2 Qc2+ 39.Kf3 Qxa2 40.Qxf7+ Kh8 41.Qe8+  1-0

[Event "Stockholm2"]
[Site "Stockholm"]
[Date "1998.08.07"]
[Round "7"]
[White "Berg, Emanuel"]
[Black "Seeman, Tarvo"]
[Result "1/2-1/2"]
[WhiteElo "2380"]
[BlackElo "2475"]

1.e4 c5 2.Nf3 e6 3.d4 cxd4 4.Nxd4 Nc6 5.Nc3 d6 6.f4 Nf6 7.Nf3 Be7 8.Bd3 O-O
9.O-O Nb4 10.Kh1 Nxd3 11.Qxd3 b6 12.f5 exf5 13.exf5 Qd7 14.Nd4 Bb7 15.Bg5 Rfe8
16.Rae1 Ng4 17.f6 Bxf6 18.Rxe8+ Rxe8 19.Bxf6 Nxf6 20.Nf5 Ne4 21.Qe3 Re5 22.Qf4 Nxc3
23.bxc3 f6 24.Qf2 Qe6 25.Nd4 Qxa2 26.h4 Qc4 27.Ra1 a6 28.Qg3 Qd5 29.Rf1 Re3
30.Rf3 Rxf3 31.gxf3 a5 32.Qg4 Qf7 33.Nf5 Qc7 34.h5 Bc8 35.Qe4 Kf8 36.Nd4 Qe7
37.Qxh7 Qe1+ 38.Kg2 Qd2+ 39.Kg3 Qg5+ 40.Kf2 Qd2+ 41.Kg3 Qe1+ 42.Kg2 Qxc3
43.Ne2 Qd2 44.Qh8+ Kf7 45.Qxc8 Qxe2+ 46.Kg3 Qe5+ 47.f4 Qxh5 48.Qc7+ Kg8 49.Qxd6 Qg6+
50.Kf3 Qxc2 51.Qe6+ Kf8 52.Qd6+ Ke8 53.Qe6+ Kd8 54.Qg8+ Kc7 55.Qxg7+ Kc6
56.Qxf6+ Kb5 57.Qe5+ Qc5 58.Qe2+ Qc4 59.Qe5+ Ka6 60.f5 a4 61.Qe2 Qxe2+ 62.Kxe2 a3
63.f6 a2 64.f7 a1=Q 65.f8=Q Qd4 66.Qa3+ Kb5 67.Qb3+ Kc5 68.Qa3+ Kd5 69.Qa8+ Kc5
70.Qa3+ Qb4 71.Qe3+ Kb5 72.Kd1 Qb1+ 73.Kd2 Qb2+ 74.Kd1 Qb1+ 75.Kd2 Ka4 76.Qe8+ Qb5
77.Qh8 Kb3 78.Qh3+ Ka2 79.Qe6+ Qb3 80.Qc8 b5 81.Qa8+ Kb2 82.Qh8+ Ka2 83.Qa8+ Kb1
84.Qh1+ Kb2 85.Qh8+ Ka3 86.Kc1 Qc4+ 87.Kb1 Qd3+ 88.Kc1 Kb3 89.Qb2+ Kc4 90.Qc2+ Qc3
91.Kb1 Kb4 92.Qb2+ Qb3 93.Kc1 Ka4 94.Qd4+ Ka3 95.Qa1+ Kb4 96.Qd4+ Ka3 97.Qa1+ Qa2
98.Qc3+ Ka4 99.Qd4+ Qc4+ 100.Qxc4+ bxc4 101.Kc2 Kb4 102.Kb2 c3+ 103.Kc2 Kc4
104.Kc1  1/2-1/2

[Event "Budapest FS08 ELO"]
[Site "Budapest"]
[Date "1998.08.08"]
[Round "8"]
[White "Jasz, Peter"]
[Black "Ritter, Gabor"]
[Result "1-0"]
[WhiteElo "2025"]
[BlackElo "2200"]

1.e4 c5 2.Nf3 e6 3.d4 cxd4 4.Nxd4 Nc6 5.Nc3 d6 6.Be2 Be7 7.Be3 Nf6 8.O-O O-O
9.Nb3 a6 10.a4 b6 11.f4 Bb7 12.Bf3 Qc7 13.g4 Rfd8 14.Qe2 Nb4 15.g5 Nd7 16.Qg2 d5
17.exd5 Nxd5 18.Nxd5 Bxd5 19.Bxd5 exd5 20.f5 Bd6 21.g6 Nf6 22.gxf7+ Kxf7
23.Nd4 Bxh2+ 24.Kh1 Qg3 25.Ne6 Rd6 26.Rg1 g6 27.Qxg3 Bxg3 28.Rxg3 gxf5 29.Nd4 Ne4
30.Rf3 Rf6 31.Raf1 Rc8 32.c3  1-0